Vista normal Vista MARC
  • Impresiones Aéreas

Entrada Corporate Name

Número de registros utilizados en: 5

001 - CONTROL NUMBER

  • control field: 18392

003 - CONTROL NUMBER IDENTIFIER

  • control field: OSt

005 - DATE AND TIME OF LATEST TRANSACTION

  • control field: 20210708135558.0

008 - FIXED-LENGTH DATA ELEMENTS

  • fixed length control field: 180425|| aca||aabn | a|a d

040 ## - CATALOGING SOURCE

  • Original cataloging agency: OSt
  • Transcribing agency: OSt

110 2# - HEADING--CORPORATE NAME

  • Corporate name or jurisdiction name as entry element: Impresiones Aéreas

670 ## - SOURCE DATA FOUND

  • Source citation: Work cat.: (OSt): Impresiones Aéreas S.A. de C.V., Entrepreneur :, 2013.